Football by Letter - B - Statistics

General Stats
  • This quiz has been taken 102 times
  • The average score is 16 of 20
Answer Stats
Hint Answer % Correct
Country with the most World Cup titles Brazil
99%
Record champions in the Bundesliga FC Bayern Munich
99%
Team that has won the Champions League five times FC Barcelona
93%
Record champions of the Portuguese league Benfica Lisbon
92%
Which English city is Aston VIlla based in? Birmingham
92%
English club nicknamed the Seagulls Brighton & Hove Albion
92%
English legend known for his hairstyles David Beckham
89%
Runner-up at the 1980 European Championships Belgium
88%
German legend nicknamed ‘the Kaiser’ Franz Beckenbauer
86%
Premier League winner 1994/95 Blackburn Rovers
84%
Swiss team that has won the league title 21 times FC Basel
82%
Scored a bicycle kick goal in a Champions League final Gareth Bale
78%
Ballon d'OR Winner 2022 Karim Benzema
78%
Ligue 1 winner of the 2008/09 season Girondins Bordeaux
73%
Italy's record player Gianluigi Buffon
72%
Played the most minutes with Lionel Messi Sergio Busquets
70%
The only Romanian team to win the European Cup Steaua București
54%
Lost the 2002 Champions League final and the World Cup final in the same year Michael Ballack
52%
Premier league top scorer 2010/11 Dimitar Berbatov
42%
The only team from Belarus to ever qualify for the Champions League BATE Borisov
40%
No matching quizzes found
Score Distribution
Percent of People with Each Score
Percentile by Number Answered
Your Score History
You have not taken this quiz